| 000 | 01611nam a2200361 c 4500 | ||
|---|---|---|---|
| 999 |
_c119796 _d119796 |
||
| 003 | BLK | ||
| 005 | 20240624115350.0 | ||
| 008 | 180409b bul|||||r ||||||| ||bul|| | ||
| 010 | _aKNG00125411000 | ||
| 040 | _aBLK | ||
| 041 |
_aBUL _cBUL |
||
| 080 |
_aБългарска литература _b821.163.2 _x-93-1 _z821.163.2-93-1 |
||
| 100 |
_aЧернаев, Христо _d1930-2021 _gПоет. Писател, есеист. Преводач от руски език. _qБонев, Христо Иванов _9316331 |
||
| 139 |
_aЧерняев, Христо _bЧ 71 |
||
| 245 | 1 | 0 |
_aКонче _bСтихове за деца _cХристо Чернаев; худож. Тодор Кръстев; * Христо Иванов Черняев. |
| 257 | _aBGR | ||
| 260 |
_bБълг. художник _c1966 |
||
| 300 |
_a16 с. _bс ил. _c18 см |
||
| 380 | _aDX | ||
| 490 | 1 | _aБиблиотека Детски свят | |
| 500 | _aКор. опис. - Авт. е известен като Христо Черняев. | ||
| 700 |
_aЧерняев, Христо Иванов _d1930 - 2021 _gБългарски поет, публицист и писател _9365420 |
||
| 700 |
_aКръстев, Тодор _gСтоянов, Тодор Кръстев _eхудож. _9249110 |
||
| 852 |
_aЦб І 12901 _bЦб |
||
| 856 | 4 | _qpdf | |
| 856 | 4 | _qpdf | |
| 942 |
_cKNG _n0 _s1 |
||
| 944 |
_aCR _c27.08.2011 _lХристина Везирева _k30535 |
||
| 944 |
_aED _c29.02.2016 _l27.08.2011 - от С1,Р / 27.08.2011 _kКети_Илиева |
||
| 999 | _d119796 | ||
| 999 | _d119796 | ||
| 999 | _d119796 | ||